[Event "Druga liga Srbije-Vojvodina 2014"]
[Site "Kac, hotel "]
[Date "2014.11.08"]
[Round "1.1"]
[White "Czebe, Attila"]
[Black "Kopasz, Robert"]
[Result "1-0"]
[WhiteElo "2437"]
[BlackElo "2322"]
[PlyCount "91"]
[EventDate "2014.11.08"]

1. e4 c6 2. Nc3 d5 3. Nf3 Bg4 4. h3 Bxf3 5. Qxf3 e6 6. Be2 Nf6 7. O-O Nbd7 8.
d4 dxe4 9. Nxe4 Nxe4 10. Qxe4 Nf6 11. Qd3 Be7 12. Qb3 Qc7 13. c4 O-O 14. Be3
Rfd8 15. Bf3 Rd7 16. Rac1 Bd6 17. d5 c5 18. dxe6 fxe6 19. Rcd1 Rad8 20. Qa4 b6
21. Rfe1 Be5 22. Rxd7 Qxd7 23. Qxd7 Nxd7 24. b3 Kf7 25. Kf1 Nf6 26. g4 Bc3 27.
Rd1 Rxd1+ 28. Bxd1 e5 29. Bc2 h6 30. f4 Ke6 31. f5+ Kd6 32. Ke2 Bd4 33. Bd2 Bg1
34. Kf3 Bh2 35. Be3 Nh7 36. h4 Nf8 37. g5 hxg5 38. hxg5 Nd7 39. Be4 Nf8 40. Kg4
Ke7 41. Kh3 Bf4 42. Bxf4 exf4 43. Kg4 Nd7 44. Kxf4 Kd6 45. Bf3 Nf8 46. Bh5 1-0

[Event "Druga liga Srbije-Vojvodina 2014"]
[Site "Kac, hotel "]
[Date "2014.11.08"]
[Round "1.1"]
[White "Simonyi, Zoltan"]
[Black "Tancik, Kristijan"]
[Result "0-1"]
[WhiteElo "2282"]
[BlackElo "2255"]
[PlyCount "146"]
[EventDate "2014.11.08"]

1. d4 Nf6 2. c4 g6 3. Nc3 d5 4. Nf3 Bg7 5. e3 O-O 6. b4 c6 7. Qb3 dxc4 8. Bxc4
b5 9. Bd3 a5 10. bxa5 Be6 11. Qc2 Na6 12. Qd2 Qxa5 13. Bb2 Nb4 14. Bb1 Rfd8 15.
a3 Nbd5 16. Ne5 Qb6 17. Ne2 Nd7 18. Nxd7 Bxd7 19. O-O Be8 20. Rc1 Qa5 21. Qc2
Qa4 22. Ba2 Qxc2 23. Rxc2 e6 24. Bb3 Nb6 25. Nc3 Ra7 26. Ne4 Rda8 27. Rd1 Na4
28. Bc1 Nb6 29. Kf1 h6 30. Ke2 Kh8 31. Nd6 Bf8 32. Nxe8 Rxe8 33. Rxc6 Nd7 34.
Rd3 Rea8 35. d5 Bxa3 36. Bxa3 Rxa3 37. Rc7 Ne5 38. Rdc3 b4 39. Rc8+ Kg7 40.
Rxa8 Rxa8 41. Rc7 exd5 42. Bxd5 Rd8 43. Bb3 Rd7 44. Rc5 Kf6 45. f4 Nd3 46. Rc6+
Ke7 47. g3 Kf8 48. e4 g5 49. Bd5 Nb2 50. Rxh6 gxf4 51. gxf4 Na4 52. Kd3 b3 53.
Rh8+ Kg7 54. Rb8 b2 55. Rb4 Rc7 56. Bc4 Nc5+ 57. Kd4 Nxe4 58. Rxb2 Nf6 59. Rg2+
Kf8 60. Ba2 Nh5 61. Ke4 Ra7 62. f5 Ra4+ 63. Ke3 Ra3+ 64. Kd4 Ra4+ 65. Bc4 Ra5
66. Bd3 Nf4 67. Rf2 Rd5+ 68. Ke4 Nxd3 69. Rd2 Re5+ 70. Kxd3 Rxf5 71. Rg2 Rf6
72. Ke4 Rg6 73. Kf5 Rxg2 0-1

[Event "Druga liga Srbije-Vojvodina 2014"]
[Site "Kac, hotel "]
[Date "2014.11.08"]
[Round "1.1"]
[White "Bulajic, Ratko"]
[Black "Nagy, Attila N"]
[Result "1-0"]
[WhiteElo "2292"]
[BlackElo "2221"]
[Annotator "BI"]
[PlyCount "81"]
[EventDate "2014.11.08"]

1. d4 Nf6 2. c4 e6 3. Nf3 Bb4+ 4. Bd2 c5 5. Bxb4 cxb4 6. a3 bxa3 7. Rxa3 O-O 8.
Nc3 d6 9. g3 b6 10. Bg2 Bb7 11. d5 e5 12. O-O Nbd7 13. e4 a6 14. Qe2 Ne8 15.
Nd2 Nc7 16. Bh3 Bc8 17. b4 Nf6 18. Bg2 Bd7 19. Nb3 Qe7 20. h3 Rfc8 21. Rc1 a5
22. bxa5 Qe8 23. Bf1 Rcb8 24. Qc2 Qc8 25. Kh2 Na6 26. axb6 Rxb6 27. Rca1 Rab8
28. Nd1 Nb4 29. Qb1 h6 30. Nc3 Na6 31. Nb5 Nc5 32. Nxc5 Qxc5 33. R1a2 Qc8 34.
Qe1 Qc5 35. Qe3 Qc8 36. Ra7 Bxh3 37. Bxh3 Qxc4 38. Nc3 Rb3 39. Rc2 R8b4 40.
Raa2 Qc7 41. f3 {...dalje necitko..43} 1-0

[Event "Druga liga Srbije-Vojvodina 2014"]
[Site "Kac, hotel "]
[Date "2014.11.08"]
[Round "1.1"]
[White "Lorinc, Sandor"]
[Black "Strangar, Zlatko"]
[Result "1/2-1/2"]
[WhiteElo "2168"]
[BlackElo "2243"]
[PlyCount "111"]
[EventDate "2014.11.08"]

1. d4 Nf6 2. Bf4 g6 3. e3 Bg7 4. Nf3 d6 5. Be2 c5 6. c3 Qb6 7. Qb3 Be6 8. dxc5
dxc5 9. Qxb6 axb6 10. Nbd2 Nc6 11. a4 O-O 12. O-O Na5 13. e4 h6 14. Ne5 Nb3 15.
Nxb3 Bxb3 16. Nc4 Rxa4 17. Rxa4 Bxa4 18. Nxb6 Bc6 19. f3 Nd7 20. Bc7 g5 21. Ra1
Nxb6 22. Bxb6 Rc8 23. Bxc5 Bb5 24. Bxb5 Rxc5 25. Bd3 Be5 26. Ra7 Rc7 27. Ra5
Bd6 28. e5 Bc5+ 29. Kf1 b6 30. Ra8+ Kg7 31. b4 Be3 32. c4 Bd4 33. Ra6 Rd7 34.
Ke2 Bg1 35. h3 Bd4 36. Be4 Rd8 37. g3 h5 38. f4 h4 39. Kf3 hxg3 40. Kxg3 Rc8
41. Bd3 Rd8 42. Bf1 gxf4+ 43. Kxf4 Rh8 44. Ke4 Rd8 45. Be2 e6 46. Ra3 Bf2 47.
Rd3 Rc8 48. Rd6 Ra8 49. Kf3 Bg1 50. Rd1 Ra3+ 51. Bd3 Bd4 52. Ke4 Bc3 53. Rg1+
Kf8 54. c5 bxc5 55. bxc5 Ra4+ 56. Kf3 1/2-1/2

[Event "Druga liga Srbije-Vojvodina 2014"]
[Site "Kac, hotel "]
[Date "2014.11.08"]
[Round "1.1"]
[White "Tokovic, Svetozar"]
[Black "Vranic, Ljubomir"]
[Result "1-0"]
[WhiteElo "2235"]
[BlackElo "2187"]
[PlyCount "51"]
[EventDate "2014.11.08"]

1. g3 e5 2. Bg2 Nf6 3. c4 d6 4. Nc3 c6 5. d3 Be7 6. Nf3 Nbd7 7. O-O Qc7 8. Rb1
a5 9. a3 O-O 10. b4 axb4 11. axb4 d5 12. cxd5 cxd5 13. Qb3 d4 14. Nb5 Qb6 15.
Na3 h6 16. e3 dxe3 17. Bxe3 Qa6 18. Nc4 Qb5 19. d4 Ra4 20. Bd2 e4 21. Nh4 Ra6
22. Rfc1 Nb6 23. Nxb6 Be6 24. d5 Rxb6 25. dxe6 g5 26. Bf1 1-0

[Event "Druga liga Srbije-Vojvodina 2014"]
[Site "Kac, hotel "]
[Date "2014.11.08"]
[Round "1.1"]
[White "Agoston, Aron"]
[Black "Roganovic, Nebojsa"]
[Result "0-1"]
[WhiteElo "2167"]
[BlackElo "2197"]
[Annotator "BI"]
[PlyCount "96"]
[EventDate "2014.11.08"]

1. e4 d5 2. exd5 Nf6 3. c4 c6 4. d4 cxd5 5. Nc3 e6 6. Nf3 Be7 7. c5 O-O 8. Bd3
b6 9. cxb6 Qxb6 10. O-O Ba6 11. Na4 Qc7 12. Bg5 Bxd3 13. Qxd3 Nbd7 14. Rfc1 Qa5
15. Qc2 h6 16. Bh4 Bd6 17. Qc6 Bf4 18. Rc2 Rac8 19. Qxc8 Rxc8 20. Rxc8+ Kh7 21.
b3 Qa6 22. Rc2 Ne4 23. Rd1 g5 24. Bg3 Bxg3 25. hxg3 g4 26. Ne1 Qa5 27. Nd3 Kg7
28. Nac5 Ndf6 29. a4 h5 30. b4 Qd8 31. Ne5 h4 32. gxh4 g3 33. fxg3 Nxg3 34. Rf2
Nf5 35. Rd3 Ne4 36. Rf4 Nxc5 37. bxc5 f6 38. Rg4+ Kh7 39. Ng6 Nh6 40. Rgg3 Qb8
41. Rb3 Qc8 42. h5 Nf5 43. Rgd3 Kh6 44. g4 Ng7 45. Kg2 e5 46. Kg3 e4 47. Rd1
Qc7+ 48. Kh3 Ne6 $138 0-1

[Event "Druga liga Srbije-Vojvodina 2014"]
[Site "Kac, hotel "]
[Date "2014.11.08"]
[Round "1.2"]
[White "Vukic, Milan"]
[Black "Del Rey, Diego"]
[Result "1/2-1/2"]
[WhiteElo "2396"]
[BlackElo "2379"]
[PlyCount "37"]
[EventDate "2014.11.08"]

1. Nf3 d5 2. g3 Nc6 3. d4 Bf5 4. Bg2 Nb4 5. Na3 c6 6. c3 Na6 7. Nh4 Bg4 8. Qb3
Qb6 9. e4 e6 10. h3 Bh5 11. exd5 exd5 12. O-O Qxb3 13. Re1+ Kd7 14. axb3 Nc7
15. Nc2 Be7 16. Nf3 Bxf3 17. Bxf3 Nf6 18. Bd2 Rhe8 19. Re2 1/2-1/2

[Event "Druga liga Srbije-Vojvodina 2014"]
[Site "Kac, hotel "]
[Date "2014.11.08"]
[Round "1.2"]
[White "Ljubisavljevic, Zivojin Z"]
[Black "Elez, Nikola"]
[Result "1/2-1/2"]
[WhiteElo "2158"]
[BlackElo "2168"]
[PlyCount "20"]
[EventDate "2014.11.08"]

1. c4 Nf6 2. Nc3 g6 3. e4 d6 4. d4 Bg7 5. f4 O-O 6. Nf3 Nbd7 7. e5 Ng4 8. h3
Nh6 9. Bd3 c5 10. d5 Nb6 1/2-1/2

[Event "Druga liga Srbije-Vojvodina 2014"]
[Site "Kac, hotel "]
[Date "2014.11.08"]
[Round "1.2"]
[White "Zobenica, Ivan"]
[Black "Dragojlovic, Andjelko"]
[Result "1/2-1/2"]
[WhiteElo "2106"]
[BlackElo "2290"]
[PlyCount "67"]
[EventDate "2014.11.08"]

1. e4 c5 2. Nf3 g6 3. d3 Bg7 4. c3 d5 5. Qc2 Nc6 6. Be2 e5 7. O-O Nge7 8. Bg5
Be6 9. Qc1 h6 10. Bxe7 Qxe7 11. Re1 O-O 12. Nbd2 Rad8 13. a3 a5 14. Qc2 Rc8 15.
Qa4 b6 16. Rac1 Qb7 17. h3 Rfd8 18. Bf1 b5 19. Qc2 a4 20. b3 axb3 21. Nxb3 Qa7
22. Qb2 Rc7 23. Nbd2 Rb8 24. Qc2 Rcc8 25. Ra1 d4 26. c4 bxc4 27. dxc4 Qa6 28.
Rec1 Rb7 29. Nb3 Qa7 30. Nfd2 h5 31. Bd3 Rcb8 32. Rcb1 Bh6 33. Qa2 Bd7 34. Kh2
1/2-1/2

[Event "Druga liga Srbije-Vojvodina 2014"]
[Site "Kac, hotel "]
[Date "2014.11.08"]
[Round "1.2"]
[White "Jovic, Stevan"]
[Black "Indjic, Stefan"]
[Result "1/2-1/2"]
[WhiteElo "2273"]
[BlackElo "2080"]
[PlyCount "45"]
[EventDate "2014.11.08"]

1. d4 d5 2. c4 e6 3. Nc3 Nf6 4. Nf3 Be7 5. Bg5 O-O 6. e3 Nbd7 7. Bd3 b6 8. cxd5
exd5 9. O-O Bb7 10. Rc1 c6 11. Re1 Re8 12. Nd2 Nf8 13. Bf4 Ng6 14. Bg3 Bd6 15.
Nf1 Rc8 16. f3 Rc7 17. Bf2 Bc8 18. a3 Qe7 19. Bg3 Bxg3 20. hxg3 Qd6 21. Qc2
Ree7 22. Qf2 Bb7 23. g4 1/2-1/2

[Event "Druga liga Srbije-Vojvodina 2014"]
[Site "Kac, hotel "]
[Date "2014.11.08"]
[Round "1.2"]
[White "Cecaric, Milan"]
[Black "Matic, Novica"]
[Result "1/2-1/2"]
[WhiteElo "2019"]
[BlackElo "2025"]
[PlyCount "44"]
[EventDate "2014.11.08"]

1. e4 c5 2. Nf3 d6 3. Bc4 Nf6 4. d3 Nc6 5. Nc3 a6 6. a3 Bg4 7. h3 Bxf3 8. Qxf3
Ne5 9. Qe2 Nxc4 10. dxc4 g6 11. O-O Bg7 12. Nd5 e6 13. Nxf6+ Qxf6 14. Qd3 Qd4
15. Rd1 Qxd3 16. Rxd3 O-O-O 17. c3 h6 18. Bf4 Be5 19. Bxe5 dxe5 20. Rad1 Rxd3
21. Rxd3 Kc7 22. Kf1 b6 1/2-1/2

[Event "Druga liga Srbije-Vojvodina 2014"]
[Site "Kac, hotel "]
[Date "2014.11.08"]
[Round "1.3"]
[White "Ratkovic, Miloje"]
[Black "Kokeza, Mirko"]
[Result "0-1"]
[WhiteElo "2376"]
[BlackElo "2265"]
[PlyCount "82"]
[EventDate "2014.11.08"]

1. d4 c5 2. e3 g6 3. Nf3 Bg7 4. Be2 Nf6 5. O-O O-O 6. d5 d6 7. c4 e5 8. Nc3 e4
9. Nd2 Re8 10. Rb1 a5 11. b3 h5 12. Bb2 Nbd7 13. Qc2 Ne5 14. Rfd1 Bf5 15. Nb5
h4 16. Bxe5 Rxe5 17. a3 Qd7 18. b4 axb4 19. axb4 h3 20. g3 Bg4 21. Nb3 b6 22.
bxc5 bxc5 23. Ra1 Ree8 24. Rdb1 Bxe2 25. Qxe2 Ng4 26. Rxa8 Rxa8 27. Nxd6 Ne5
28. Nxe4 Qf5 29. Ned2 Ra2 30. e4 Qc8 31. Rd1 Qb8 32. Qe3 Qb4 33. d6 Bf8 34. f4
Nxc4 35. Nxc4 Rg2+ 36. Kh1 Qxc4 37. Qd3 Qa4 38. d7 c4 39. Qd4 Qa2 40. Nd2 Qc2
41. Rg1 Rxd2 0-1

[Event "Druga liga Srbije-Vojvodina 2014"]
[Site "Kac, hotel "]
[Date "2014.11.08"]
[Round "1.3"]
[White "Markovic, Milovan"]
[Black "Ratkovic, Milovan"]
[Result "0-1"]
[WhiteElo "2259"]
[BlackElo "2332"]
[PlyCount "62"]
[EventDate "2014.11.08"]

1. d4 d5 2. Nf3 Nf6 3. g3 c6 4. Bg2 Bf5 5. Nh4 Bg4 6. h3 Be6 7. c3 g6 8. Qb3
Qc8 9. Nd2 Bg7 10. Nhf3 h6 11. a4 O-O 12. a5 c5 13. Qa3 Na6 14. Ne5 Ne8 15.
Nef3 Nd6 16. e3 Bf5 17. g4 Bd3 18. Ne5 Bxe5 19. dxe5 Ne4 20. c4 Nb4 21. Bxe4
Nc2+ 22. Kd1 Nxa3 23. Bxd3 Nxc4 24. Nxc4 dxc4 25. Be4 Qe6 26. Ke2 Qxe5 27. Bb1
Rad8 28. a6 c3 29. bxc3 Qxc3 30. Ba3 Rd2+ 31. Kf3 Qf6+ 0-1

[Event "Druga liga Srbije-Vojvodina 2014"]
[Site "Kac, hotel "]
[Date "2014.11.08"]
[Round "1.3"]
[White "Vucinic, Gojko"]
[Black "Vukovic, Miroslav R"]
[Result "1-0"]
[WhiteElo "2296"]
[BlackElo "2183"]
[PlyCount "106"]
[EventDate "2014.11.08"]

1. e4 c6 2. d4 d5 3. e5 Bf5 4. h4 h5 5. Bd3 Bxd3 6. Qxd3 e6 7. Bg5 Qb6 8. Nd2
Nd7 9. Ngf3 Nh6 10. O-O Nf5 11. c4 Qa6 12. Qc3 dxc4 13. Nxc4 Nb6 14. Ne3 Ne7
15. a3 Ned5 16. Qc2 Be7 17. Bxe7 Nxe7 18. Ng5 g6 19. Ne4 Rd8 20. Nc5 Qb5 21.
Nxb7 Rxd4 22. Nd6+ Rxd6 23. exd6 Ned5 24. Nxd5 Nxd5 25. b4 Kd7 26. Qc5 Qb6 27.
Rfc1 Rb8 28. Rab1 Qa6 29. a4 Qb6 30. b5 cxb5 31. Qxb5+ Qxb5 32. Rxb5 Rb6 33.
Rcb1 Kxd6 34. a5 Ra6 35. Rb7 f6 36. Rg7 Nc3 37. Ra1 Ke5 38. Rxg6 Ne2+ 39. Kf1
Nf4 40. Rh6 Kf5 41. g3 Nd5 42. Rxh5+ Kg6 43. Rh8 f5 44. Rg8+ Kh7 45. Rb8 Kg6
46. Rb7 Nf6 47. Ke2 Ne4 48. Ke3 e5 49. Rb5 Kf6 50. g4 Nd6 51. g5+ Kg6 52. Rc5
f4+ 53. Kf3 Kf5 1-0

[Event "Druga liga Srbije-Vojvodina 2014"]
[Site "Kac, hotel "]
[Date "2014.11.08"]
[Round "1.3"]
[White "Tomic, Vjekoslav"]
[Black "Munizaba, Slobodan"]
[Result "1/2-1/2"]
[WhiteElo "2237"]
[BlackElo "2335"]
[PlyCount "76"]
[EventDate "2014.11.08"]

1. e4 c5 2. Nf3 d6 3. c3 Nf6 4. h3 g6 5. Bd3 Bg7 6. O-O O-O 7. Bc2 e5 8. d4
exd4 9. cxd4 Nc6 10. Nc3 cxd4 11. Nxd4 Nxe4 12. Nxc6 Nxc3 13. Nxd8 Nxd1 14.
Nxf7 Nxb2 15. Nxd6 Nc4 16. Nxc4 Bxa1 17. Ba3 Bf6 18. Bxf8 Kxf8 19. Be4 Be6 20.
Bxb7 Rb8 21. Ba6 Rb4 22. a3 Bxc4 23. axb4 Bxa6 24. Rc1 Bb5 25. Rc8+ Be8 26. Rc7
a6 27. Ra7 Bb5 28. Rxh7 Be7 29. h4 Be2 30. f3 Bxb4 31. Kf2 Bc4 32. h5 gxh5 33.
Rxh5 a5 34. Rh4 Bb3 35. Ke2 Bc3 36. Kd3 Bb2 37. Rh5 a4 38. Rb5 Bf6 1/2-1/2

[Event "Druga liga Srbije-Vojvodina 2014"]
[Site "Kac, hotel "]
[Date "2014.11.08"]
[Round "1.3"]
[White "Orlov, Konstantin"]
[Black "Curakovic, Dragan"]
[Result "1-0"]
[WhiteElo "2224"]
[BlackElo "2140"]
[PlyCount "71"]
[EventDate "2014.11.08"]

1. d4 e6 2. c4 d5 3. Nc3 Nf6 4. Nf3 h6 5. Bf4 Bd6 6. Bg3 c6 7. e3 Bxg3 8. hxg3
Nbd7 9. Qc2 Qe7 10. cxd5 exd5 11. Bd3 a6 12. O-O O-O 13. Rfe1 c5 14. dxc5 Nxc5
15. Nd4 Nxd3 16. Qxd3 Bd7 17. Rad1 Rfd8 18. Rd2 Qe5 19. Nf3 Qh5 20. Nxd5 Bg4
21. Nxf6+ gxf6 22. Nd4 Bd7 23. Rc1 Rac8 24. Rdc2 Rxc2 25. Rxc2 Bc6 26. f3 Qa5
27. Qc3 Qxa2 28. b3 Qb1+ 29. Rc1 Qg6 30. g4 Qg5 31. Nf5 Re8 32. Rd1 h5 33. f4
Qg6 34. Rd6 Kf8 35. Rxf6 Qxg4 36. Qc5+ 1-0

[Event "Druga liga Srbije-Vojvodina 2014"]
[Site "Kac, hotel "]
[Date "2014.11.08"]
[Round "1.4"]
[White "Veljkovic, Vojislav"]
[Black "Bokros, Albert"]
[Result "1/2-1/2"]
[WhiteElo "2224"]
[BlackElo "2485"]
[PlyCount "114"]
[EventDate "2014.11.08"]

1. Nf3 d5 2. d4 Nf6 3. b3 Bf5 4. Bb2 e6 5. a3 Be7 6. e3 O-O 7. Bd3 Bxd3 8. Qxd3
Nbd7 9. Nbd2 c5 10. O-O Rc8 11. c4 cxd4 12. Qxd4 dxc4 13. Nxc4 Nc5 14. Ncd2 Nd3
15. Rad1 Bc5 16. Qxd8 Rfxd8 17. Bd4 b5 18. Nb1 Bxd4 19. Nxd4 Nb2 20. Rd2 e5 21.
Nxb5 Rxd2 22. Nxd2 a6 23. Nd6 Rc2 24. N2c4 Nd3 25. h3 g6 26. f3 Rc3 27. Rb1 e4
28. fxe4 Nc1 29. e5 Nd5 30. Ne4 Rc2 31. Ned2 Nd3 32. Rf1 Kg7 33. Ne4 Re2 34.
Rd1 Nxe3 35. Rxd3 Nxc4 36. Ng3 Re3 37. Rxe3 Nxe3 38. Ne4 Nc2 39. a4 a5 40. Kf2
Nd4 41. Nc5 Nc6 42. Nb7 f6 43. exf6+ Kxf6 44. Ke3 Ke5 45. g3 g5 46. Nc5 h6 47.
Na6 Kd5 48. Kd3 Ne5+ 49. Ke3 Nc6 50. g4 Nd4 51. b4 Nc2+ 52. Kd2 Nxb4 53. Nxb4+
axb4 54. Kc2 Kd4 55. Kb3 Kc5 56. Ka2 Kc4 57. Kb2 Kd4 1/2-1/2

[Event "Druga liga Srbije-Vojvodina 2014"]
[Site "Kac, hotel "]
[Date "2014.11.08"]
[Round "1.4"]
[White "Somborski, Nebojsa"]
[Black "Grujic, Zoran"]
[Result "1-0"]
[WhiteElo "2318"]
[BlackElo "2322"]
[PlyCount "59"]
[EventDate "2014.11.08"]

1. e4 c5 2. Nf3 e6 3. d4 cxd4 4. Nxd4 Nf6 5. Nc3 d6 6. Be2 a6 7. O-O Be7 8. a4
b6 9. Bf3 Ra7 10. Be3 Rd7 11. Qe2 Qc7 12. Rad1 O-O 13. g4 h6 14. Bg2 Bb7 15. f4
Nh7 16. Rf3 Bf6 17. Qf2 Rdd8 18. h4 Nd7 19. g5 hxg5 20. hxg5 Bxd4 21. Rxd4 e5
22. Nd5 Bxd5 23. Rxd5 exf4 24. Bxf4 Nc5 25. Qh4 g6 26. Rh3 f6 27. gxf6 Rxf6 28.
Bg5 Qg7 29. Bxf6 Nxf6 30. e5 1-0

[Event "Druga liga Srbije-Vojvodina 2014"]
[Site "Kac, hotel "]
[Date "2014.11.08"]
[Round "1.4"]
[White "Savanovic, Vuk"]
[Black "Bodiroga, Predrag"]
[Result "0-1"]
[WhiteElo "2292"]
[BlackElo "2358"]
[PlyCount "84"]
[EventDate "2014.11.08"]

1. e4 c6 2. d4 d5 3. exd5 cxd5 4. c4 Nf6 5. Nc3 e6 6. Nf3 Be7 7. Bd3 dxc4 8.
Bxc4 O-O 9. O-O Nc6 10. Bg5 a6 11. a4 Bd7 12. Qd2 Rc8 13. Rad1 Nb4 14. Bb3 Bc6
15. Ne5 Bd5 16. Nxd5 Nfxd5 17. Bxe7 Qxe7 18. f4 g6 19. Rf3 Rfd8 20. Rh3 Qf6 21.
Rf1 Nc6 22. g4 Ndb4 23. Qf2 Rxd4 24. g5 Qf5 25. Nxc6 Nxc6 26. Qh4 h5 27. gxh6
Rd2 28. h7+ Kh8 29. Bd1 Qc5+ 30. Kh1 Qe7 31. Qh6 Rcd8 32. Bg4 Nd4 33. Re1 b5
34. Rg3 Qf6 35. axb5 axb5 36. h4 Rf2 37. Qg5 Rxf4 38. Qxf6+ Rxf6 39. h5 gxh5
40. Bxh5 Rh6 41. Rh3 Rd5 42. Bg4 Kxh7 0-1

[Event "Druga liga Srbije-Vojvodina 2014"]
[Site "Kac, hotel "]
[Date "2014.11.08"]
[Round "1.4"]
[White "Brajic, Djordje"]
[Black "Banovic, Ivan"]
[Result "1/2-1/2"]
[WhiteElo "2267"]
[BlackElo "2226"]
[PlyCount "45"]
[EventDate "2014.11.08"]

1. e4 c5 2. Nc3 Nc6 3. g3 g6 4. Bg2 Bg7 5. d3 d6 6. Nh3 Nf6 7. O-O Rb8 8. Bg5
h6 9. Be3 Ng4 10. Qd2 Nxe3 11. fxe3 O-O 12. Nf4 b5 13. Rf2 b4 14. Nd1 Bg4 15.
c4 bxc3 16. Nxc3 g5 17. Nfe2 Qb6 18. b3 Qb4 19. Rc1 e6 20. h3 Bh5 21. g4 Bg6
22. Ng3 Be5 23. Nge2 1/2-1/2

[Event "Druga liga Srbije-Vojvodina 2014"]
[Site "Kac, hotel "]
[Date "2014.11.08"]
[Round "1.4"]
[White "Krejic, Igor"]
[Black "Perisic, Radivoj"]
[Result "1/2-1/2"]
[WhiteElo "2213"]
[BlackElo "2323"]
[PlyCount "121"]
[EventDate "2014.11.08"]

1. e4 c5 2. c3 g6 3. d4 Bg7 4. Nf3 cxd4 5. cxd4 Nf6 6. e5 Nd5 7. Bc4 Nb6 8. Bb3
d5 9. O-O Bg4 10. h3 Bxf3 11. Qxf3 Nc6 12. Be3 Na5 13. Bd2 Nac4 14. Bc3 O-O 15.
Bxc4 Nxc4 16. b3 Na5 17. Qd3 a6 18. Nd2 Rc8 19. f4 Qc7 20. Rac1 Nc6 21. b4 Qb6
22. a3 f6 23. Kh1 fxe5 24. dxe5 e6 25. Nb3 Rfe8 26. Nc5 Qc7 27. Bb2 Bf8 28. Nb3
Qd7 29. Nd4 Nxd4 30. Bxd4 Qb5 31. Qxb5 axb5 32. Bc5 Bh6 33. Rcd1 Rc7 34. g4 Bf8
35. Bd4 Ra8 36. Rd3 Rac8 37. Kg2 Rc2+ 38. Rf2 Kf7 39. Rxc2 Rxc2+ 40. Kf3 Rc4
41. Ke3 Be7 42. Rc3 Ke8 43. Kd3 Kd7 44. Rc2 Bd8 45. Be3 Be7 46. Rf2 Re4 47. Rf1
Bd8 48. Bd4 Be7 49. Be3 Bd8 50. Rf3 Be7 51. Bf2 Bd8 52. h4 h5 53. Be3 hxg4 54.
Rg3 Bxh4 55. Rxg4 g5 56. Bd2 Rc4 57. Be3 Re4 58. Bd2 Rc4 59. Be3 Re4 60. Bd2
Rc4 61. Be3 1/2-1/2

[Event "Druga liga Srbije-Vojvodina 2014"]
[Site "Kac, hotel "]
[Date "2014.11.08"]
[Round "1.4"]
[White "Strbac, Mladen"]
[Black "Djurnic, Strahinja"]
[Result "1-0"]
[WhiteElo "2298"]
[BlackElo "2048"]
[PlyCount "57"]
[EventDate "2014.11.08"]

1. e4 c5 2. Nf3 Nc6 3. d4 cxd4 4. Nxd4 g6 5. Nc3 Bg7 6. Be3 Nf6 7. Bc4 O-O 8.
Bb3 d6 9. f3 Bd7 10. Qd2 Qa5 11. O-O Rfc8 12. Nxc6 Bxc6 13. Bd4 Nd7 14. Bxg7
Kxg7 15. Qf4 Nf6 16. Rae1 e5 17. Qh4 Qc5+ 18. Kh1 b5 19. f4 h6 20. fxe5 Qxe5
21. Rf3 g5 22. Qf2 b4 23. Rf5 Qe7 24. Nd5 Bxd5 25. exd5 Qd8 26. Rf1 Nh5 27.
Rxf7+ Kh8 28. Qd4+ Kg8 29. Qe4 1-0

[Event "Druga liga Srbije-Vojvodina 2014"]
[Site "Kac, hotel "]
[Date "2014.11.08"]
[Round "1.5"]
[White "Leskur, Dejan"]
[Black "Indjic, Dusan"]
[Result "1-0"]
[WhiteElo "2382"]
[BlackElo "2287"]
[PlyCount "95"]
[EventDate "2014.11.08"]

1. e4 c5 2. Nf3 Nc6 3. d4 cxd4 4. Nxd4 Nf6 5. Nc3 d6 6. f3 e5 7. Nb3 Be7 8. Be3
O-O 9. Qd2 a5 10. Bb5 Na7 11. Be2 Be6 12. Rd1 Nc8 13. Nd5 Bxd5 14. exd5 Nh5 15.
O-O g6 16. c4 b6 17. Nc1 Ng7 18. Bd3 Re8 19. Ne2 Bf8 20. Nc3 f5 21. g3 h5 22.
a3 Be7 23. h3 Bf6 24. g4 hxg4 25. hxg4 Kf7 26. Kg2 Rh8 27. Rh1 e4 28. fxe4 fxg4
29. Qf2 Rh3 30. Rxh3 gxh3+ 31. Kxh3 Kg8 32. Rf1 Qd7+ 33. Kg2 Nh5 34. Be2 Bg7
35. Qh4 Qe8 36. Bg4 Ra7 37. Be6+ Kh7 38. e5 Bxe5 39. Ne4 Rg7 40. Bg5 Ne7 41.
Nf6+ Bxf6 42. Bxf6 Ng8 43. Bxg7 Kxg7 44. Rf7+ Kh6 45. Qd4 Qa4 46. Qd2+ g5 47.
Qc3 Kg6 48. Qd3+ 1-0

[Event "Druga liga Srbije-Vojvodina 2014"]
[Site "Kac, hotel "]
[Date "2014.11.08"]
[Round "1.5"]
[White "Stamenkovic, Aleksandar"]
[Black "Robulj, Nenad"]
[Result "1-0"]
[WhiteElo "2284"]
[BlackElo "2329"]
[Annotator "BI"]
[PlyCount "90"]
[EventDate "2014.11.08"]

1. d4 Nf6 2. Nf3 g6 3. c4 Bg7 4. Nc3 d5 5. cxd5 Nxd5 6. e4 Nxc3 7. bxc3 O-O 8.
Be3 c5 9. Qd2 cxd4 10. cxd4 Nc6 11. Rc1 Bd7 12. Be2 a6 13. O-O Re8 14. d5 Na7
15. Qb4 Bb5 16. Bxb5 Nxb5 17. a4 Nd6 18. Bb6 Qd7 19. Rc7 Qg4 20. Re1 Rac8 21.
h3 Qf4 22. Re3 Nf5 23. Re2 Nh4 24. Nxh4 Rxc7 25. Bxc7 Qxc7 26. Nf3 Rc8 27. Re1
Rb8 28. e5 Bf8 29. Qf4 Rc8 30. Ng5 f6 31. Nf3 Qc4 32. Qd2 Rd8 33. d6 exd6 34.
exf6 Qf7 35. Qd4 Re8 36. Rd1 h6 37. g4 Kh7 38. g5 Qb3 39. Kg2 h5 40. Rd3 Qf7
41. Rc3 Kg8 42. Qd3 d5 43. Nh4 Re4 44. Nxg6 Qxg6 45. Qxd5+ Kh8 {dalje necitko..
..65} 1-0

[Event "Druga liga Srbije-Vojvodina 2014"]
[Site "Kac, hotel "]
[Date "2014.11.08"]
[Round "1.5"]
[White "Joksimovic, Dragoljub"]
[Black "Stanojevic, Branko"]
[Result "0-1"]
[WhiteElo "2205"]
[BlackElo "2247"]
[PlyCount "70"]
[EventDate "2014.11.08"]

1. c4 Nf6 2. Nc3 g6 3. g3 Bg7 4. Bg2 d6 5. d4 O-O 6. e3 c6 7. Nge2 e5 8. O-O
Nbd7 9. b4 Nb6 10. c5 exd4 11. exd4 Nbd5 12. Nxd5 Nxd5 13. b5 Bg4 14. f3 Bf5
15. bxc6 bxc6 16. cxd6 Qxd6 17. a4 Nc3 18. Nxc3 Qxd4+ 19. Kh1 Qxc3 20. Ra3 Qb4
21. f4 Be4 22. Bxe4 Qxe4+ 23. Qf3 Rfe8 24. Qxe4 Rxe4 25. Be3 Bf8 26. Rc3 Bb4
27. Rd3 a5 28. Rc1 c5 29. Bf2 c4 30. Re3 Rae8 31. Rxe4 Rxe4 32. Kg2 Bd2 33. Rc2
c3 34. Kf3 f5 35. Bb6 Rb4 0-1

[Event "Druga liga Srbije-Vojvodina 2014"]
[Site "Kac, hotel "]
[Date "2014.11.08"]
[Round "1.5"]
[White "Kovacevic, Dragan"]
[Black "Besedes, Danilo"]
[Result "1-0"]
[WhiteElo "2251"]
[BlackElo "2113"]
[PlyCount "73"]
[EventDate "2014.11.08"]

1. e4 e6 2. d4 d5 3. exd5 exd5 4. Bd3 Bd6 5. h3 Nc6 6. c3 Nge7 7. Qf3 Be6 8.
Ne2 Qd7 9. Bf4 Ng6 10. Bg3 O-O-O 11. Nd2 Nce7 12. O-O-O Bf5 13. Bxd6 Bxd3 14.
Qxd3 Qxd6 15. f4 Rde8 16. g3 Qe6 17. Rde1 h5 18. Rhf1 Qf5 19. Qf3 Nc6 20. g4
hxg4 21. hxg4 Qd7 22. Rh1 Rxh1 23. Rxh1 Qe7 24. Rh2 Rh8 25. Rxh8+ Nxh8 26. f5
Nd8 27. Nf4 c6 28. Qh3 g5 29. Nxd5 cxd5 30. Qxh8 Qe1+ 31. Kc2 Qe2 32. Qe5 Qxg4
33. Qxd5 Qf4 34. Ne4 g4 35. Nf6 Nc6 36. Qd7+ Kb8 37. Qe8+ 1-0

[Event "Druga liga Srbije-Vojvodina 2014"]
[Site "Kac, hotel "]
[Date "2014.11.08"]
[Round "1.5"]
[White "Cvetkovic, Slavko"]
[Black "Kovacevic, Djordje"]
[Result "1/2-1/2"]
[WhiteElo "2217"]
[BlackElo "2122"]
[PlyCount "83"]
[EventDate "2014.11.08"]

1. d4 Nf6 2. Nf3 d5 3. c3 c6 4. Bf4 Bf5 5. e3 Qb6 6. Qb3 e6 7. h3 h6 8. Nbd2
Nbd7 9. Be2 Be7 10. Ne5 O-O 11. g4 Bh7 12. g5 hxg5 13. Bxg5 Bd6 14. Rg1 Bxe5
15. dxe5 Ne4 16. Nxe4 Bxe4 17. Be7 Rfc8 18. Qxb6 axb6 19. Bd6 Nc5 20. Kd2 Bf5
21. Bxc5 bxc5 22. h4 Ra4 23. Rh1 d4 24. f3 dxe3+ 25. Kxe3 Rd8 26. c4 Rd4 27. a3
Ra6 28. b4 Rd8 29. bxc5 Rda8 30. Rhd1 Rxa3+ 31. Rxa3 Rxa3+ 32. Kf4 g6 33. Rd2
Rb3 34. Kg5 Kg7 35. Kf4 Kg8 36. Rd8+ Kg7 37. Rd7 Rb2 38. Ke3 Rb3+ 39. Kf2 Rb2
40. Ke1 Rb1+ 41. Kd2 Rb2+ 42. Ke3 1/2-1/2